Loading...
| Fine Arts - Other Fine Arts | 1 | 1 | 0 | 0 | 25 | 49 | 76.50 | 2 | 2 |
| History - American History | 1 | 1 | 0 | 1 | 25 | 70 | 102.50 | 1 | 2 |
| Science - Chemistry | 0 | 2 | 0 | 2 | 20 | 126 | 131.00 | 0 | 2 |
| Philosophy | 0 | 2 | 0 | 0 | 20 | 114 | 118.50 | 1 | 2 |
| History - European History | 1 | 0 | 0 | 0 | 15 | 50 | 50.00 | 0 | 1 |
| Science - Other Science | 0 | 1 | 0 | 0 | 10 | 101 | 101.00 | 1 | 1 |
| History - Other History | 0 | 1 | 0 | 0 | 10 | 110 | 110.00 | 0 | 1 |
| Literature - American Literature | 0 | 1 | 0 | 0 | 10 | 83 | 83.00 | 1 | 1 |
| Literature - British Literature | 0 | 1 | 0 | 0 | 10 | 103 | 103.00 | 1 | 1 |
| Religion | 0 | 1 | 0 | 0 | 10 | 115 | 115.00 | 0 | 1 |
| Fine Arts - Auditory Fine Arts | 0 | 1 | 0 | 0 | 10 | 123 | 123.00 | 0 | 1 |
| Fine Arts - Visual Fine Arts | 0 | 1 | 1 | 0 | 5 | 107 | 107.00 | 1 | 1 |
| Other Academic | 0 | 0 | 1 | 0 | -5 | 0.00 | 0 | 0 | |
| Mythology | 0 | 0 | 1 | 0 | -5 | 0.00 | 0 | 0 |